Vista normal
Vista MARC
Entrada Nombre geográfico
Número de registros utilizados en: 1
001 - NÚMERO DE CONTROL
- campo de control: 58787
003 - IDENTIFICADOR DEL NÚMERO DE CONTROL
- campo de control: OSt
005 - FECHA Y HORA DE LA ÚLTIMA TRANSACCIÓN
- campo de control: 20200615035033.0
008 - DATOS DE LONGITUD FIJA
- campo de control de longitud fija: 200615|| aca||aabn | a|a d
040 ## - FUENTE DE LA CATALOGACIÓN
- Centro catalogador/agencia de origen: OSt
- Centro/agencia transcriptor: OSt
151 ## - ENCABEZAMIENTO--NOMBRE GEOGRÁFICO
- Nombre geográfico: REPÚBLICA DOMINICANA
- Subdivisión general: POLÍTICA EXTERIOR
- Subdivisión cronológica: ERA DE TRUJILLO, 1930-1961
- Subdivisión de forma: ENSAYOS, CONFERENCIAS, ETC
670 ## - FUENTE DE DATOS ENCONTRADOS
- Cita de la fuente: Work cat.: (OSt)32612: Rio Cañedo, Francisco del 1997-1963 58784, Dos discursos trascendentales sobre política exterior = Two momentous speeches on foreing policy /, 1954.
